| 000 | 01047cam a2200313 i 4500 | ||
|---|---|---|---|
| 001 | 25634 | ||
| 003 | Mx-PuUPA | ||
| 005 | 20241021160924.0 | ||
| 008 | 140415s1959 mx a gr 000 0 spa d | ||
| 040 |
_aMx-PuUPA _bspa _cMx-PuUPA _dMx-PuUPA _erda |
||
| 041 | 0 | _aspa | |
| 100 | 1 |
_aTrueba, Alfonso _916340 _eautor |
|
| 245 | 1 | 0 |
_aEnsanchadores de México / _cAlfonso Trueba |
| 250 |
_aSegunda edición / _babril |
||
| 264 | 1 |
_aMéxico, D. F. : _bEditorial Jus, _c1959 |
|
| 300 |
_a79 páginas : _bilustraciones ; _c24 cm |
||
| 336 |
_2rdacontent _atexto _btxt |
||
| 337 |
_2rdamedia _asin medio _bn |
||
| 338 |
_2rdacarrier _avolumen _bnc |
||
| 490 | 0 |
_aFiguras y Episodios de la Historia de México ; _v13 |
|
| 650 | 7 |
_2armarc _aIndígenas de México _xMisiones |
|
| 650 | 7 |
_2armarc _aJesuitas en México |
|
| 650 | 7 |
_2armarc _aHistoria de México |
|
| 651 | 4 |
_aBaja California _zMéxico (Península) _xHistoria |
|
| 942 |
_2ddc _cLI _h271.53072 _iT865 |
||
| 999 |
_c25634 _d25634 |
||